000 00568nam a2200205Ia 4500
005 20250923145136.0
008 008 250917s9999 xx 000 0 eng d
037 _aTextual
040 _aDSWL
_beng
_cDSWL
041 _aeng
_2eng
084 _aY49.56, N68
_qDSWL
100 _aJackson, Brian
_9832180
245 0 _aWorking class community
_cby Brian Jackson
260 _aLondon
_bRoutledge & Kegan Paul
_c1968
300 _a176p.
365 _aINR
_b25
925 _g25
942 _cTEXL
_hY49.56, N68
999 _c1447658
_d1447658